Antropología teológica latinoamericana /

Detalles Bibliográficos
Autor principal: Gudiel García, Hugo C., 1961- (Autor)
Formato: Electrónico eBook
Lenguaje:español
Publicado: Ciudad de Guatemala, Guatemala : Universidad Rafael Landívar, Editorial Cara Parens, 2023.
Colección:Colección Teología iberoamericana ; 3.
Materias:
Acceso en línea:Digitalia Hispánica

MARC

LEADER 00000nam a2200000Ii 4500
001 DIGCARPAR0027
003 NyNyDIG
006 m o d
007 cr |||||||||||
008 240202s2023 gt ob 000 0 spa d
035 |a (OCoLC)1422054788 
040 |a DGITA  |b eng  |e rda  |e pn  |c DGITA 
020 |a 9789929545311  |q edición digital  |q ePub 
020 |a 9789929545328  |q edición digital  |q pdf 
020 |z 9789929545304  |q edición física 
043 |a s-cl--- 
050 1 4 |a BL256 ebook 
100 1 |a Gudiel García, Hugo C.,  |d 1961-  |e author. 
245 1 0 |a Antropología teológica latinoamericana /  |c Hugo C. Gudiel García. 
264 1 |a Ciudad de Guatemala, Guatemala :  |b Universidad Rafael Landívar, Editorial Cara Parens,  |c 2023. 
300 |a 1 online resource. 
336 |a text  |b txt  |2 rdacontent 
337 |a computer  |b c  |2 rdamedia 
338 |a online resource  |b cr  |2 rdacarrier 
347 |a text file  |2 rdaft 
347 |b EPUB 
347 |b PDF 
490 1 |a Colección "Teología iberoamericana" ;  |v 3 
504 |a Includes bibliographical references. 
588 0 |a Online resource; title from ePub title page (Digitalia, viewed February 2, 2024) 
650 0 |a Theological anthropology  |z Latin America. 
650 0 |a Theology  |z Latin America. 
791 2 |a Digitalia (Firm),  |e distributor. 
793 0 |g Digitalia eBook Collection:  |a Editorial Cara Parens 
776 0 8 |i Print version:  |a Gudiel García, Hugo C., 1961-  |t Antropología teológica latinoamericana.  |d Ciudad de Guatemala, Guatemala : Universidad Rafael Landívar, Editorial Cara Parens, 2023  |z 9789929545304 
830 0 |a Colección Teología iberoamericana ;  |v 3. 
856 4 0 |3 Digitalia Hispánica  |u https://www.digitaliapublishing.com/a/130577/ 
910 |a Premium collection: 2024